000 00750nam a2200193 a 4500
003 0
005 20250513142043.0
008 970101s19uu xx 00 eng d
050 _aPHS HQ 35
_b.C33 2004
100 _aCabañez, Alia Maureen A.
245 _aA Study on the perceptions and awareness of teenagers on premarital sex /
_cAlia Maureen A. Cabañez.
260 _aLas Piñas City, Philippines :
_bSouthville International School and Colleges,
_c2004.
300 _a35 pages :
_billustrations ;
_c28 cm.
504 _aIncludes bibliographical references.
650 _aPremarital sex
_zPhilippines
_xPublic opinion.
650 _aAdolescents
_xSexual behavior
_zPhilippines.
650 _aTeenagers
_zPhilippines
_xAttitudes.
942 _2lcc
_cPASS
999 _c97090
_d97090